[Event "BAN-chT2"]
[Site "Dhaka"]
[Date "2022.07.25"]
[Round "8.3"]
[White "Mahin, Ahmed Shuvo"]
[Black "Md Moniruzzaman, Masud"]
[Result "0-1"]
[WhiteElo "1807"]
[BlackElo "1658"]
[PlyCount "84"]
[EventDate "2022.07.18"]
[EventType "team-swiss"]
[EventRounds "9"]
[EventCountry "BAN"]
[SourceTitle "EXT 2023"]
[Source "ChessBase"]
[SourceDate "2022.10.05"]
[SourceVersion "1"]
[SourceVersionDate "2022.10.05"]
[SourceQuality "1"]
[WhiteTeam "Hamid Sports Academy"]
[BlackTeam "Shaukat Osman Shiriti Porishod"]
[WhiteTeamCountry "BAN"]
[BlackTeamCountry "BAN"]

1. d4 Nf6 2. Bf4 e6 3. e3 b6 4. Nf3 Bb7 5. Nbd2 Be7 6. Bd3 d6 7. c3 Nh5 8. Bg3 Nd7 9. Qe2 a5 10. e4 h6 11. a4 Nxg3 12. hxg3 e5 13. dxe5 dxe5 14. Bc4 Bf6 15. Nh4 g6 16. Qg4 Bxh4 17. Rxh4 Qe7 18. Qh3 0-0-0 19. Rxh6 Rxh6 20. Qxh6 Nc5 21. Qe3 Bc6 22. b4 Nb7 23. bxa5 Nxa5 24. Ba6+ Bb7 25. Qe2 Qc5 26. Bxb7+ Kxb7 27. Qb5 Qxc3 28. Rd1 c6 29. Qe2 f5 30. Qf3 Rd3 31. Qe2 Nb3 32. exf5 gxf5 33. a5 b5 34. g4 Nd4 35. Qf1 fxg4 36. Qh1 Nc2+ 37. Ke2 Rd7 38. f3 Qd3+ 39. Kf2 Qe3+ 40. Kg3 Qf4+ 41. Kf2 g3+ 42. Kf1 Qe3 0-1

[Event "BAN-chT2"]
[Site "Dhaka"]
[Date "2022.07.22"]
[Round "5.3"]
[White "Ashutosh, Kumar"]
[Black "Mahin, Ahmed Shuvo"]
[Result "1-0"]
[WhiteElo "1938"]
[BlackElo "1807"]
[PlyCount "49"]
[EventDate "2022.07.18"]
[EventType "team-swiss"]
[EventRounds "9"]
[EventCountry "BAN"]
[SourceTitle "EXT 2023"]
[Source "ChessBase"]
[SourceDate "2022.10.05"]
[SourceVersion "1"]
[SourceVersionDate "2022.10.05"]
[SourceQuality "1"]
[WhiteTeam "Sports Bangla"]
[BlackTeam "Hamid Sports Academy"]
[WhiteTeamCountry "BAN"]
[BlackTeamCountry "BAN"]

1. e4 e5 2. Nf3 Nf6 3. Nxe5 d6 4. Nf3 Nxe4 5. d4 d5 6. Bd3 Bd6 7. 0-0 0-0 8. c4 c6 9. Nc3 Nxc3 10. bxc3 h6 11. c5 Bc7 12. Bc2 Nd7 13. Qd3 Nf6 14. Ne5 Bd7 15. Bf4 Bc8 16. f3 Re8 17. Rae1 Be6 18. g4 g5 19. Bg3 Kg7 20. h4 Rh8 21. hxg5 hxg5 22. Kg2 Nd7 23. Rh1 Nxe5 24. dxe5 Qe7 25. Rh7+ 1-0

[Event "BAN-chT2"]
[Site "Dhaka"]
[Date "2022.07.21"]
[Round "4.3"]
[White "Mahin, Ahmed Shuvo"]
[Black "Rubel, Hossen"]
[Result "1/2-1/2"]
[WhiteElo "1807"]
[BlackElo "1789"]
[PlyCount "45"]
[EventDate "2022.07.18"]
[EventType "team-swiss"]
[EventRounds "9"]
[EventCountry "BAN"]
[SourceTitle "EXT 2023"]
[Source "ChessBase"]
[SourceDate "2022.10.05"]
[SourceVersion "1"]
[SourceVersionDate "2022.10.05"]
[SourceQuality "1"]
[WhiteTeam "Hamid Sports Academy"]
[BlackTeam "Nurul Islam Smrity Pathagar"]
[WhiteTeamCountry "BAN"]
[BlackTeamCountry "BAN"]

1. d4 d5 2. Bf4 Nf6 3. e3 e6 4. Nd2 Bd6 5. Bg3 0-0 6. Ngf3 c5 7. c3 Nc6 8. Ne5 Qc7 9. f4 cxd4 10. exd4 Bxe5 11. fxe5 Nd7 12. Bd3 Qb6 13. Qc2 f5 14. Bf4 Nxd4 15. cxd4 Qxd4 16. Bg3 Nxe5 17. Bxe5 Qxe5+ 18. Be2 Bd7 19. Nf3 Qe3 20. Qc3 Qb6 21. Qb3 Qc5 22. Rd1 Bc6 23. Qc3 1/2-1/2

[Event "BAN-chT2"]
[Site "Dhaka"]
[Date "2022.07.20"]
[Round "3.3"]
[White "Mohammed, Shaker Ullah"]
[Black "Mahin, Ahmed Shuvo"]
[Result "1-0"]
[WhiteElo "1870"]
[BlackElo "1807"]
[PlyCount "131"]
[EventDate "2022.07.18"]
[EventType "team-swiss"]
[EventRounds "9"]
[EventCountry "BAN"]
[SourceTitle "EXT 2023"]
[Source "ChessBase"]
[SourceDate "2022.10.05"]
[SourceVersion "1"]
[SourceVersionDate "2022.10.05"]
[SourceQuality "1"]
[WhiteTeam "Desh Seba Krira Chakra"]
[BlackTeam "Hamid Sports Academy"]
[WhiteTeamCountry "BAN"]
[BlackTeamCountry "BAN"]

1. e4 e5 2. Nf3 Nf6 3. Nc3 Nc6 4. Bb5 Bc5 5. d3 d6 6. h3 Bd7 7. Bg5 h6 8. Bxf6 Qxf6 9. Nd5 Qd8 10. c3 Ne7 11. Bxd7+ Qxd7 12. Nxe7 Qxe7 13. 0-0 0-0 14. Qc2 Bb6 15. d4 exd4 16. Nxd4 g6 17. Rfe1 Qf6 18. Rad1 Rae8 19. Qd2 Kg7 20. Kh1 Re7 21. Re2 Rfe8 22. Rde1 Qh4 23. Nf3 Qh5 24. Kh2 Qb5 25. Nd4 Bxd4 26. cxd4 f5 27. e5 Qc4 28. b3 Qd5 29. f4 Rd8 30. Qc3 dxe5 31. Rxe5 Rxe5 32. dxe5 Qc6 33. Qxc6 bxc6 34. Rc1 Rd2 35. a4 Rd3 36. Rxc6 Rxb3 37. Rxc7+ Kf8 38. Rxa7 g5 39. Ra6 Rb4 40. Rf6+ Ke7 41. fxg5 hxg5 42. Rxf5 Rxa4 43. Rxg5 Kf7 44. g4 Re4 45. Kg3 Re1 46. Kh4 Re3 47. Rf5+ Kg7 48. g5 Kh7 49. Kg4 Re4+ 50. Kh5 Kg7 51. h4 Kh7 52. g6+ Kg7 53. Kg5 Re1 54. Rf7+ Kg8 55. Kf6 Rf1+ 56. Ke6 Rh1 57. Rh7 Ra1 58. h5 Ra5 59. h6 Ra1 60. Rb7 Ra8 61. Kf6 Kh8 62. e6 Rf8+ 63. Rf7 Re8 64. e7 Kg8 65. h7+ Kh8 66. Rf8+ 1-0

[Event "Dhaka Chowdhury Memorial op-B 2nd"]
[Site "Dhaka"]
[Date "2022.07.07"]
[Round "8"]
[White "Md Shafiqul, Islam"]
[Black "Mahin, Ahmed Shuvo"]
[Result "0-1"]
[WhiteElo "1907"]
[BlackElo "1807"]
[PlyCount "62"]
[EventDate "2022.07.02"]
[EventType "swiss"]
[EventRounds "9"]
[EventCountry "BAN"]
[SourceTitle "EXT 2024"]
[Source "ChessBase"]
[SourceDate "2023.10.10"]
[SourceVersion "1"]
[SourceVersionDate "2023.10.10"]
[SourceQuality "1"]

1. e3 d5 2. Nf3 Nf6 3. c4 e6 4. b3 Be7 5. Bb2 c5 6. d4 b6 7. cxd5 exd5 8. Bd3 0-0 9. 0-0 Bb7 10. Nbd2 Nbd7 11. Rc1 Rc8 12. Ne5 cxd4 13. exd4 Bd6 14. Rxc8 Qxc8 15. Qb1 h6 16. f4 Re8 17. Bf5 Qd8 18. g4 Nf8 19. g5 hxg5 20. fxg5 Bxe5 21. dxe5 Ne4 22. Nxe4 dxe4 23. h4 Qd2 24. Qc1 Rd8 25. Qxd2 Rxd2 26. Rf2 Rd1+ 27. Rf1 Rd3 28. Rf2 Ne6 29. Bxe6 fxe6 30. Ba3 e3 31. Re2 Rd1+ 0-1

[Event "Dhaka Chowdhury Memorial op-B 2nd"]
[Site "Dhaka"]
[Date "2022.07.05"]
[Round "5"]
[White "Zahid, Sanatan"]
[Black "Mahin, Ahmed Shuvo"]
[Result "0-1"]
[WhiteElo "1946"]
[BlackElo "1807"]
[PlyCount "76"]
[EventDate "2022.07.02"]
[EventType "swiss"]
[EventRounds "9"]
[EventCountry "BAN"]
[SourceTitle "EXT 2023"]
[Source "ChessBase"]
[SourceDate "2022.10.05"]
[SourceVersion "1"]
[SourceVersionDate "2022.10.05"]
[SourceQuality "1"]

1. Nf3 d5 2. e3 Nf6 3. b3 e6 4. Bb2 c5 5. Ne5 Be7 6. Bb5+ Bd7 7. Qe2 a6 8. Bd3 Nc6 9. Nxd7 Qxd7 10. f4 d4 11. e4 e5 12. f5 h5 13. a3 h4 14. Qf3 0-0-0 15. Bc4 Rdf8 16. a4 g6 17. d3 Nh5 18. Na3 Bg5 19. Bc1 Bf4 20. Bxf4 exf4 21. 0-0-0 Ne5 22. Qf2 gxf5 23. exf5 Qxf5 24. Rde1 Ng4 25. Qf3 Ne3 26. Rxe3 dxe3 27. Bd5 Qd7 28. Nc4 Rh6 29. a5 Rd8 30. Be4 f5 31. Bxf5 Qxf5 32. g4 hxg3 33. hxg3 Qf6 34. Kb1 Nxg3 35. Rg1 Qh4 36. Nxe3 fxe3 37. Qxe3 Rg6 38. Qxc5+ Kb8 0-1

[Event "BAN-ch U20"]
[Site "Dhaka"]
[Date "2022.02.19"]
[Round "5"]
[White "Amartya, Barua"]
[Black "Mahin, Ahmed Shuvo"]
[Result "0-1"]
[WhiteElo "1114"]
[BlackElo "1813"]
[PlyCount "52"]
[EventDate "2022.02.15"]
[EventType "swiss"]
[EventRounds "9"]
[EventCountry "BAN"]
[SourceTitle "CBM 207 Extra"]
[Source "ChessBase"]
[SourceDate "2022.05.31"]
[SourceVersion "1"]
[SourceVersionDate "2022.05.31"]
[SourceQuality "1"]

1. d4 Nf6 2. c4 e6 3. Nf3 b6 4. a3 Bb7 5. Nc3 Be7 6. d5 0-0 7. e4 exd5 8. cxd5 d6 9. Bc4 Nbd7 10. 0-0 a6 11. a4 Re8 12. h3 Bf8 13. Re1 Ne5 14. Bf1 Nxf3+ 15. gxf3 Nh5 16. Ne2 Qh4 17. Qd4 Bc8 18. Kh2 g5 19. Ra3 Bg7 20. Qe3 Be5+ 21. Kh1 Nf4 22. Ng1 Bxh3 23. Bxh3 Nxh3 24. Kg2 Nf4+ 25. Kf1 Qh1 26. b4 Qg2# 0-1

[Event "BAN-chT2 Borsho 2nd"]
[Site "Bangladesh"]
[Date "2021.01.28"]
[Round "9.2"]
[White "Ariful, Amin"]
[Black "Mahin, Ahmed Shuvo"]
[Result "1-0"]
[WhiteElo "1914"]
[BlackElo "1798"]
[PlyCount "69"]
[EventDate "2021.01.20"]
[EventType "team-tourn"]
[EventRounds "9"]
[EventCountry "BAN"]
[SourceTitle "CBM 200 Extra"]
[Source "ChessBase"]
[SourceDate "2021.03.31"]
[SourceVersion "1"]
[SourceVersionDate "2021.03.31"]
[SourceQuality "1"]
[WhiteTeam "Grassroot Sports Academy"]
[BlackTeam "Elegant Int CA Cha"]
[WhiteTeamCountry "BAN"]
[BlackTeamCountry "BAN"]

1. e4 e5 2. Nc3 Nc6 3. Nf3 Nf6 4. Bc4 Bc5 5. d3 d6 6. Bg5 h6 7. Bxf6 Qxf6 8. Nd5 Qd8 9. c3 Na5 10. Bb3 Nxb3 11. Qxb3 a6 12. 0-0 0-0 13. Qc2 c6 14. Ne3 Ba7 15. Rad1 f5 16. exf5 Bxf5 17. Nxf5 Rxf5 18. d4 Rxf3 19. gxf3 Qf6 20. Qe4 exd4 21. cxd4 d5 22. Qg4 h5 23. Qxh5 g6 24. Qg4 Kg7 25. Rfe1 Rh8 26. Re6 Rh4 27. Rxf6 Rxg4+ 28. fxg4 Kxf6 29. h4 Bb8 30. Kg2 Bd6 31. Kf3 a5 32. a4 Kf7 33. g5 Bc7 34. Kg4 Bd6 35. f4 1-0

[Event "BAN-chT2 Borsho 2nd"]
[Site "Bangladesh"]
[Date "2021.01.26"]
[Round "7.2"]
[White "Islam, Sheik Md Khairul"]
[Black "Mahin, Ahmed Shuvo"]
[Result "1/2-1/2"]
[WhiteElo "1920"]
[BlackElo "1798"]
[PlyCount "103"]
[EventDate "2021.01.20"]
[EventType "team-tourn"]
[EventRounds "9"]
[EventCountry "BAN"]
[SourceTitle "CBM 200 Extra"]
[Source "ChessBase"]
[SourceDate "2021.03.31"]
[SourceVersion "1"]
[SourceVersionDate "2021.03.31"]
[SourceQuality "1"]
[WhiteTeam "BD Chess In School"]
[BlackTeam "Elegant Int CA Cha"]
[WhiteTeamCountry "BAN"]
[BlackTeamCountry "BAN"]

1. e4 e5 2. Nf3 Nf6 3. Nc3 Nc6 4. Bc4 Bc5 5. 0-0 d6 6. h3 0-0 7. d3 Na5 8. Bg5 Be6 9. Bb3 Nxb3 10. axb3 Qe7 11. Na4 Bb6 12. c4 Bd7 13. b4 Bxa4 14. Rxa4 Qe6 15. Qc1 Nd7 16. Be3 f5 17. exf5 Rxf5 18. c5 Rxf3 19. gxf3 Qxh3 20. cxb6 e4 21. Qc4+ Kh8 22. Qxe4 Ne5 23. Rxa7 Rf8 24. bxc7 Nxf3+ 25. Qxf3 Qxf3 26. Rc1 Rc8 27. Kf1 h5 28. Ke1 h4 29. Kd2 h3 30. Rc4 Kg8 31. Rh4 Qg2 32. Ra5 d5 33. b5 h2 34. Ra1 Rxc7 35. Ra8+ Kf7 36. Rah8 Qg1 37. Rxh2 Qc1+ 38. Ke2 Rc2+ 39. Kf3 Qd1+ 40. Kg3 Qxd3 41. R2h4 Rc4 42. Rxc4 Qxc4 43. Rh4 Qxb5 44. b4 Ke6 45. Rg4 Qf1 46. Kh2 Kf7 47. Rf4+ Kg6 48. Rg4+ Kf7 49. Rf4+ Kg8 50. Rg4 Qd1 51. Kg3 Qb3 52. Kg2 1/2-1/2

[Event "BAN-chT2 Borsho 2nd"]
[Site "Bangladesh"]
[Date "2021.01.20"]
[Round "1.2"]
[White "Mahin, Ahmed Shuvo"]
[Black "Avik, Sarker"]
[Result "0-1"]
[WhiteElo "1798"]
[BlackElo "2042"]
[PlyCount "89"]
[EventDate "2021.01.20"]
[EventType "team-tourn"]
[EventRounds "9"]
[EventCountry "BAN"]
[SourceTitle "CBM 200 Extra"]
[Source "ChessBase"]
[SourceDate "2021.03.31"]
[SourceVersion "1"]
[SourceVersionDate "2021.03.31"]
[SourceQuality "1"]
[WhiteTeam "Elegant Int CA Cha"]
[BlackTeam "Shahnoor Khan Smrity Sangsad"]
[WhiteTeamCountry "BAN"]
[BlackTeamCountry "BAN"]

1. e4 e5 2. Nf3 Nf6 3. Nxe5 d6 4. Nf3 Nxe4 5. Nc3 Nf6 6. d4 d5 7. Bd3 Bb4 8. 0-0 0-0 9. Bg5 c6 10. Ne5 h6 11. Bh4 Nbd7 12. Ng4 Be7 13. Re1 Re8 14. Qf3 Nxg4 15. Qxg4 Ne5 16. Bxe7 Rxe7 17. Qh4 Nxd3 18. Qxe7 Qxe7 19. Rxe7 Kf8 20. Re3 Nxb2 21. Rae1 Bd7 22. Kf1 Nc4 23. R3e2 Na3 24. Nd1 c5 25. dxc5 Bb5 26. Nb2 Nxc2 27. Kg1 Nxe1 28. Rxe1 Rd8 29. Rb1 Rc8 30. Rc1 Bc4 31. Nxc4 Rxc5 32. Kf1 dxc4 33. Ke2 b5 34. Ke3 Rd5 35. a4 a6 36. Ke4 Rd4+ 37. Ke3 Rd3+ 38. Ke4 Ke7 39. axb5 axb5 40. Rb1 Rb3 41. Rd1 Rb2 42. Ke3 c3 43. Rc1 b4 44. g3 c2 45. Rxc2 0-1

[Event "BAN-ch U20"]
[Site "Dhaka"]
[Date "2019.05.19"]
[Round "5"]
[White "Mahin, Ahmed Shuvo"]
[Black "Md Rajib, Hasan"]
[Result "1/2-1/2"]
[WhiteElo "1679"]
[BlackElo "1491"]
[PlyCount "79"]
[EventDate "2019.05.15"]
[EventType "swiss"]
[EventRounds "8"]
[EventCountry "BAN"]
[SourceTitle "EXT 2020"]
[Source "ChessBase"]
[SourceDate "2019.10.17"]
[SourceVersion "1"]
[SourceVersionDate "2019.10.17"]
[SourceQuality "1"]

1. e4 e5 2. Nf3 Nc6 3. d4 exd4 4. Bc4 h6 5. 0-0 Nf6 6. Re1 Be7 7. e5 Nh7 8. Nxd4 0-0 9. Nc3 Nxd4 10. Qxd4 d6 11. e6 Bxe6 12. Bxe6 fxe6 13. Rxe6 Bf6 14. Qg4 Ng5 15. Bxg5 Bxg5 16. Ne4 Rf4 17. Qe2 Rf7 18. Nxg5 Qxg5 19. Re1 Qc5 20. Re8+ Rxe8 21. Qxe8+ Rf8 22. Qe2 Kh8 23. c3 a5 24. Qe3 Rf5 25. Qxc5 Rxc5 26. Kf1 Kg8 27. Re4 Kf7 28. Ke2 Kf6 29. Kd3 g5 30. f3 b5 31. h4 Rd5+ 32. Ke2 Re5 33. hxg5+ hxg5 34. Ke3 d5 35. Rxe5 Kxe5 36. g3 c5 37. b3 b4 38. cxb4 axb4 39. Kd3 Kf5 40. Ke3 1/2-1/2

[Event "BAN-ch U20"]
[Site "Dhaka"]
[Date "2019.05.18"]
[Round "4"]
[White "Zaif, Khandkar"]
[Black "Mahin, Ahmed Shuvo"]
[Result "0-1"]
[WhiteElo "1213"]
[BlackElo "1679"]
[PlyCount "88"]
[EventDate "2019.05.15"]
[EventType "swiss"]
[EventRounds "8"]
[EventCountry "BAN"]
[SourceTitle "EXT 2020"]
[Source "ChessBase"]
[SourceDate "2019.10.17"]
[SourceVersion "1"]
[SourceVersionDate "2019.10.17"]
[SourceQuality "1"]

1. e4 e5 2. Nf3 Nc6 3. Bc4 Bc5 4. 0-0 Nf6 5. Nc3 d6 6. h3 0-0 7. d3 h6 8. Bd2 Na5 9. Bb3 Nxb3 10. axb3 Be6 11. Be3 Bxe3 12. fxe3 Re8 13. d4 Qe7 14. dxe5 dxe5 15. Nxe5 Bxb3 16. cxb3 Qxe5 17. Rf5 Qe7 18. e5 Nd7 19. Nd5 Qe6 20. e4 Rec8 21. Qf3 c6 22. Rf1 cxd5 23. exd5 Qg6 24. e6 fxe6 25. dxe6 Qxe6 26. Qg4 Qe3+ 27. Kh1 Rf8 28. Rxf8+ Rxf8 29. Qc4+ Kh8 30. Rxf8+ Nxf8 31. Qf7 Qc1+ 32. Kh2 Qc8 33. h4 Nh7 34. g4 a6 35. g5 hxg5 36. hxg5 Qc2+ 37. Kg3 Qd3+ 38. Kh2 Qd2+ 39. Kh1 Qc1+ 40. Kh2 Qxb2+ 41. Kg1 Qc1+ 42. Kh2 Qd2+ 43. Kh1 Qe1+ 44. Kg2 Qe4+ 0-1

[Event "BAN-ch U20"]
[Site "Dhaka"]
[Date "2018.05.12"]
[Round "8"]
[White "Mahin, Ahmed Shuvo"]
[Black "Abdullah Al, Raison"]
[Result "0-1"]
[WhiteElo "1582"]
[BlackElo "1828"]
[PlyCount "42"]
[EventDate "2018.05.05"]
[EventType "swiss"]
[EventRounds "8"]
[EventCountry "BAN"]
[SourceTitle "CBM 184 Extra"]
[Source "ChessBase"]
[SourceDate "2018.06.28"]
[SourceVersion "1"]
[SourceVersionDate "2018.06.28"]
[SourceQuality "1"]

1. e4 c5 2. Nf3 e6 3. d4 cxd4 4. Nxd4 Nc6 5. Nc3 Qc7 6. Be3 a6 7. Be2 Nf6 8. 0-0 Bb4 9. Bd3 b5 10. f4 d6 11. Nxc6 Qxc6 12. e5 Bb7 13. Rf2 Bxc3 14. bxc3 Ne4 15. Bxe4 Qxe4 16. Qxd6 Qxe3 17. Rd1 Bd5 18. f5 Rd8 19. Qa3 Qxe5 20. fxe6 fxe6 21. Rd4 Qd6 0-1

[Event "BAN-ch U20"]
[Site "Dhaka"]
[Date "2018.05.05"]
[Round "1"]
[White "Rakibul, Islam Shachchu"]
[Black "Mahin, Ahmed Shuvo"]
[Result "0-1"]
[WhiteElo "1948"]
[BlackElo "1582"]
[PlyCount "32"]
[EventDate "2018.05.05"]
[EventType "swiss"]
[EventRounds "8"]
[EventCountry "BAN"]
[SourceTitle "CBM 184 Extra"]
[Source "ChessBase"]
[SourceDate "2018.06.28"]
[SourceVersion "1"]
[SourceVersionDate "2018.06.28"]
[SourceQuality "1"]

1. Nf3 Nf6 2. g3 d5 3. Bg2 Bg4 4. h3 Bh5 5. g4 Bg6 6. d3 h6 7. a3 e6 8. 0-0 Bd6 9. g5 hxg5 10. Nxg5 Nbd7 11. Nc3 c6 12. h4 Rxh4 13. Nf3 Rh5 14. Ng5 Bh2+ 15. Kh1 Bf4+ 16. Bh3 Bxg5 0-1